000 01030nam a2200337 i 4500
001 48325
003 KOSZ 005
005 20191002090814.0
008 020505s1996 enk f f |000 0 eng d
020 _a0175561931
040 _cKOSZ 005/HR
_aKOSZ 005/HR
_dKOSZ 005/HR
041 0 _aeng
046 _k1996
080 _a811.111'36
080 _a(07)
100 1 _aBywater, F. V.
_eAutor
245 1 0 _aA Proficiency Course in English with Key /
_cF. V. Bywater.
250 _a[4th imprint].
260 _aHarlow :
_bLongman,
_c1998.
300 _aVII, 255 s. ;
_c22 cm.
336 _2rdacontent
_aTekst
_btxt
337 _2rdamedia
_aBez urządzenia pośredniczącego
_bn
338 _2rdacarrier
_aWolumin
_bnc
380 _aPublikacje dydaktyczne
388 _a1901-
650 4 _aJęzyk angielski
_xgramatyka.
658 _aJęzykoznawstwo
655 4 _aPodręcznik
856 _uhttp://koha.tu.koszalin.pl/cgi-bin/koha/opac-detail.pl?biblionumber=48325
_yKatalog online BPK
942 _cKS
_2UKD
999 _c48325
_d48325